000 00449nam a2200193Ia 4500
008 170918s9999 xx 000 0 und d
020 _a9780439548472
050 _bP639 1993
100 _aPilkey, Dav
245 _aDragon's halloween /
245 _cby Dav Pilkey.
260 _aNew York :
260 _bOrchard Books,
260 _c1993
300 _a46 pages :
300 _bcolored illustration ;
300 _c20cm.
500 _a420
999 _c343170
_d343170